书目信息 |
| 题名: |
健身太极拳
|
|
| 作者: | 蒋玉堃 传授 ;张金普 整理 | |
| 分册: | ||
| 出版信息: | 北京 北京体育学院出版社 1993.11 |
|
| 页数: | 240页 | |
| 开本: | 19cm | |
| 丛书名: | ||
| 单 册: | ||
| 中图分类: | G852.11 | |
| 科图分类: | ||
| 主题词: | 太极拳--tai ji quan--中国 | |
| 电子资源: | ||
| ISBN: | 7-81003-727-7 | |
| 000 | 00850nam0 2200241 450 | |
| 001 | 012008650838 | |
| 005 | 20080424155003.03 | |
| 010 | @a7-81003-727-7@dCNY10.00 | |
| 100 | @a20080424d1993 km y0chiy0120 ea | |
| 101 | 0 | @achi |
| 102 | @aCN | |
| 105 | @aah z 000yy | |
| 106 | @ar | |
| 200 | 1 | @a健身太极拳@Ajian shen tai ji quan@f蒋玉堃传授@Fjiang yu kun chuan shou@g张金普整理@Gzhang jin pu zheng li |
| 210 | @a北京@c北京体育学院出版社@d1993.11 | |
| 215 | @a240页@c图, 摹真@d19cm | |
| 330 | @a本书内容包括:太极拳与健身、太极拳功理概述、太极拳功法概述、杨式大架太极拳、杨式大架太极拳动作名称、杨式大架太极拳帮学歌诀等。 | |
| 606 | 0 | @a太极拳@Atai ji quan@y中国 |
| 690 | @aG852.11@v4 | |
| 701 | 0 | @a蒋玉堃@Ajiang yu kun@4传授 |
| 702 | 0 | @a张金普@Azhang jin pu@4整理 |
| 801 | 0 | @aCN@bQSSK@c20080424 |
| 905 | @b20703116-18@dG852.11@eJ603@f3 | |
| 健身太极拳/蒋玉堃传授/张金普整理.-北京:北京体育学院出版社,1993.11 |
| 240页:图, 摹真;19cm |
| ISBN 7-81003-727-7:CNY10.00 |
| 本书内容包括:太极拳与健身、太极拳功理概述、太极拳功法概述、杨式大架太极拳、杨式大架太极拳动作名称、杨式大架太极拳帮学歌诀等。 |
| ● |
| 相关链接 |
|
|
|
正题名:健身太极拳
索取号:G852.11/J603
 
预约/预借
| 序号 | 登录号 | 条形码 | 馆藏地/架位号 | 状态 | 备注 |
| 1 | 703116 | 207031166 | 社科库409/409社科库 25排1列3层/ [索取号:G852.11/J603] | 在馆 | |
| 2 | 703117 | 207031175 | 社科库409/409社科库 25排1列4层/ [索取号:G852.11/J603] | 在馆 | |
| 3 | 703118 | 207031184 | 社科库409/309社科库 36排6列3层/ [索取号:G852.11/J603] | 在馆 |